000 01359nam a2200361 i 4500
001 ELB268355
003 FINmELB
005 20250326043606.0
006 m o u
007 cr cn|||||||||
008 240722s2022 ag ob 000 0 spa d
020 _z9789878406855
035 _a(OCoLC)1449571272
040 _aFINmELB
_bspa
_erda
_cFINmELB
050 1 4 _aLB1051
_bE964 2022
080 _a37.015.3
082 0 4 _a370.15
_223
245 0 0 _aExperiencias de aprendizaje subjetivante :
_bcuando las miradas reparan /
_cLaura Maurig, compiladora y autora.
264 1 _aBuenos Aires :
_bRicardo Vergara Ediciones,
_c2022.
300 _a1 recurso en línea (160 páginas)
336 _atexto
_btxt
_2rdamedia/spa
337 _acomputadora
_bc
_2rdamedia/spa
338 _arecurso en línea
_bcr
_2rdacarrier/spa
504 _aContiene bibliografía.
588 _aDescripción basada en metadatos suministrados por el editor y otras fuentes.
590 _aRecurso electrónico. Santa Fe, Arg.: elibro, 2024. Disponible vía World Wide Web. El acceso puede estar limitado para las bibliotecas afiliadas a elibro.
650 4 _aPsicopedagogía.
650 4 _aPsicoanálisis.
655 4 _aLibros electrónicos.
700 1 _aMaurig, Laura,
_ecompilador.
797 2 _aelibro, Corp.
856 4 0 _uhttps://elibro.net/ereader/usam/268355
999 _c149153
_d149153